| 000 | 00532nam a2200145Ia 4500 | ||
|---|---|---|---|
| 008 | 140724s9999 xx 000 0 und d | ||
| 050 |
_aNC 998.4 _b.D227 2009 |
||
| 100 | _aDarvin, Mary Kimberly C. | ||
| 245 |
_aUnmasked : _ba video documentary about the emergence and accpetance of cosplay in Metro Manila / _cMary Kimberly C. Darvin. |
||
| 260 |
_aLas PiƱas, Philippines : _bSouthville International School and Colleges, _cc2009. |
||
| 300 |
_a101 p. : _bill. ; _c28 cm. |
||
| 521 | _aMedia Arts | ||
| 942 | _cTH | ||
| 999 |
_c228784 _d228784 |
||